| 000 | 01051nam a2200313Mi 4500 | ||
|---|---|---|---|
| 001 | ocn826822800 | ||
| 003 | TZ-ArACH | ||
| 005 | 20130705094749.0 | ||
| 008 | 121005s2010 fr a c 000 1 fre d | ||
| 020 | _a9782884805704 | ||
| 020 | _a2884805702 | ||
| 035 | _a(OCoLC)826822800 | ||
| 040 |
_aFRBML _bfre _cTZ-ArACH |
||
| 041 | _aFre | ||
| 049 | _aTZAA | ||
| 050 |
_aKJC331 _b.C53 |
||
| 082 | 1 | 4 | _a305.23 |
| 100 | 1 |
_aSaint-Mars, Dominique de, _d1949-.... _911837 |
|
| 245 | 1 | 2 |
_aAgenda des droits de l'enfant / _cDominique de Saint-Mars ; illustrations Serge Bloch. |
| 260 |
_aSuisse : _bCalligram, _c2010. |
||
| 300 |
_a1 vol. (non pagineĢ) : _bill. en coul. ; _c23 cm. |
||
| 650 | 4 |
_aEnfants _xDroits _xOuvrages pour la jeunesse. _911838 |
|
| 650 | 4 |
_aAgendas _xOuvrages pour la jeunesse. _911839 |
|
| 650 | 4 | _911840 | |
| 700 | 1 |
_aBloch, Serge, _d1956-.... _4ill _911841 |
|
| 760 | 0 | _tCarnet Max et Lili | |
| 942 |
_2lcc _cBOOK |
||
| 999 |
_c2694 _d2694 |
||